Responses for Show #8826 - Monday, March 13, 2023

Stephen Webb game 5.

Contestants

[<< previous game]

Karen Rittenbach, an academic tutor from Freehold, New Jersey

Roy Camara, a grocery specialist from Crawfordville, Florida

Stephen Webb, a data scientist from Longmont, Colorado (whose 4-day cash winnings total $100,881)

[next game >>]

Jeopardy! Round responses

'TIS SHAKESPEARE
ADVERTISING ICONS
FILL IN THE BLANKET
BLOSSOM
THE BIG BANG THEORY
CALL ME "CAT"
(Ken: "Cat" begins each response and I'm not sure I was the intended host for this game board.) [Laughter]
    $200 7
Ophelia

Karen
    $200 27
Mr. Peanut

Stephen
    $200 30
a quilt

Roy
    $200 23
cherry blossoms

Stephen
    $200 6
(Ken: You just ran that category.)
[Applause]

Providence

Stephen
    $200 24
catnip

Karen
    $500 8
my kingdom for a horse

Karen
    $400 26
a gnome

Stephen
    $400 29
comforter

Stephen
    $400 22
a lily

Stephen
    $400 5
a supernova

Stephen
    $400 18
the catalog

Karen
    $600 9
Falstaff

Roy
    $600 25
Gilbert Gottfried

Stephen
    $600 28
(Roy: What is downy?)

a duvet

Roy
Triple Stumper
    $600 19
a daisy

Stephen
    $600 3
(Stephen: Is that [*]? [*]?)

Beirut

Stephen
    $600 17
(Karen: What's "Cat's Cradle"?)
(Ken: No.)
(Karen: [*]?)
...
(Ken: I'm sorry, Karen, I'd already ruled against you by the time you corrected your response.)

"Cat's In The Cradle"

StephenKaren
    $800 11
Twelfth Night

Roy
    $800 21
(Ken: [*] from Progressive, right.)

Flo

Roy
    $800 20
the electric blanket

Triple Stumper
    $800 15
(Stephen: Is that the corpse blossom? What's a corpse blossom? [*]?)

the corpse flower

Stephen
    $800 2
the Bikini Atoll

Stephen
    $800 16
cattle

Stephen
    $1000 10
Friar Lawrence

Karen
    $1000 14
a polar bear

Roy
    $1000 13
a weighted blanket

Triple Stumper
    $1000 4
(Karen: What is hydrangea?)

the (yellow) hibiscus

Karen
Triple Stumper
    $1000 1
Mt. Etna

Stephen
    $1000 12
the catbird seat

Roy

Scores at the first commercial break (after clue 15):

Stephen Roy Karen
$3,800 $3,400 $700

Scores at the end of the Jeopardy! Round:

Stephen Roy Karen
$8,000 $3,800 $700

Double Jeopardy! Round responses

WATER ON THE EARTH
A STONE GROOVE
GOVERNORS
DEEP THOUGHTS
DYNASTIES OF SPAIN
SAME CONSONANT THRICE
(Ken: Each response will contain a consonant that appears three times like the "P" in "poppy".)
    $400 29
(Roy: [With extra gusto] What is [*]?)

Niagara Falls

Roy
    $400 30
Cher

Roy
    $400 6
(Roy: Who is Brown?)

Schwarzenegger

StephenRoy
    $400 27
learn

Roy
    $400 28
Ferdinand & Isabella

Roy
    $400 1
goggles

Roy
    $800 26
Walden Pond

Karen
    $800 18
fun.

Triple Stumper
    $800 7
South Carolina

Roy
    $800 19
why

Roy
    $800 23
Bonaparte

Stephen
    $800 11
a bumblebee

Roy
    $1200 25
the St. Lawrence Seaway

Stephen
    $1200 13
ELO

Roy
    $1200 14
(Ken: Oh, I hope he's not watching; he was governor of [*].)

Massachusetts

Triple Stumper
    $1200 3
absolutism

Triple Stumper
    $1200 9
Bourbon

Stephen
    $1200 15
(Ken: Three "N"s, yes.)

engineering

Roy
    $4,200 2
Lake Geneva

Roy
    $1600 12
(Roy: What is... Radiohead?)

STP (Stone Temple Pilots)

Roy
Triple Stumper
    $11,200 20
(Sam) Houston

Roy
    $1600 4
suffering

Stephen
    $1600 8
Granada

Triple Stumper
    $1600 16
misappropriation

Triple Stumper
    $2000 21
Okefenokee

Roy
    $2000 22
Sisyphus

Roy
    $2000 24
(J.B.) Pritzker

Stephen
    $2000 5
longtermism

Stephen
    $2000 10
the Visigoths

Stephen
    $2000 17
puddled

Triple Stumper

Scores at the end of the Double Jeopardy! Round:

Stephen Roy Karen
$19,200 $28,000 $1,500

[wagering suggestions for these scores]

Final Jeopardy! Round responses

LITERATURE
(Ken: [To Karen] What is just started an answer.)
...
(Ken: [To Stephen] By Allen Ginsberg, that is correct; the landmark Beat poem of the Beat generation.)
...
(Ken: And Stephen Webb gets away with one.)
[Stephen sighs loudly and drops head in relief]
(Ken: You are a 5-day Jeopardy! champion.)
[Enthusiastic applause as Stephen turns to applaud Roy]
KarenWhat is l
$400
StephenWhat is Howl?
$19,200
RoyWhat is I know why the caged bird sings?
$10,401
"Howl"

Final scores:

Stephen Roy Karen
$38,400 $17,599 $1,100
5-day champion: $139,281 2nd place: $2,000 3rd place: $1,000

Game dynamics:

Coryat scores:

Stephen Roy Karen
$19,200 $15,800 $1,400
23 R,
0 W
20 R
(including 2 DDs),
3 W
6 R
(including 1 DD),
2 W

Combined Coryat: $36,400

[game clues] [game scores] [suggest correction]

Game tape date: 2022-12-16
The J! Archive is created by fans, for fans. Scraping, republication, monetization, and malicious use prohibited; this site may use cookies and collect identifying information. See terms. The Jeopardy! game show and all elements thereof, including but not limited to copyright and trademark thereto, are the property of Jeopardy Productions, Inc. and are protected under law. This website is not affiliated with, sponsored by, or operated by Jeopardy Productions, Inc. Join the discussion at JBoard.tv.